| 000 -CABECERA |
| fixed length control field |
01123nam a22002177a 4500 |
| 003 - IDENTIFICADOR DEL NÚMERO DE CONTROL |
| control field |
AR-CdUCM |
| 008 - DATOS DE LONGITUD FIJA--INFORMACIÓN GENERAL |
| fixed length control field |
190228b ||||| |||| 00| 0 spa d |
| 040 ## - FUENTE DE LA CATALOGACIÓN |
| Agencia/entidad que catalogó originalmente la obra |
MUNICIPALIDAD PROVINCIAL DEL CUSCO |
| Entidad que transcribió la catalogación |
BIBLIOTECA MUNICIPAL DEL CUSCO |
| 082 ## - NÚMERO DE LA CLASIFICACIÓN DECIMAL DEWEY |
| No. de la edición |
2da. ed. |
| No. de Clasificación |
636.0896 / |
| Notacion interna |
B96 |
| 100 ## - ENTRADA PRINCIPAL--NOMBRE DE PERSONA |
| Nombre Personal |
Bustinza Menéndez, Julio Amilcar |
| 245 ## - MENCIÓN DE TÍTULO |
| Título |
Enfermedades de Alpacas / |
| Mención de responsabilidad |
Bustinza Menéndez, Julio Amilcar |
| 260 ## - PUBLICACIÓN, DISTRIBUCIÓN, ETC. |
| Lugar de publicación, distribución, etc. |
Arequipa - Perú : |
| Nombre de la editorial, distribuidor, etc. |
Universidad Nacional del Altiplano , |
| Fecha de publicación, distribución, etc. |
2000. |
| 300 ## - DESCRIPCIÓN FÍSICA |
| Nº de Páginas Extensión |
353 paginas : |
| Dimensiones |
21.5 cm. |
| 505 ## - NOTA DE CONTENIDO CON FORMATO |
| Nota de contenido formateada |
Las enfermedades bacterianas en las alpacas -- enfermedades bacterianas especificas que atacan a las alpacas -- Las clotirosis en las alpacas -- La colibacilosis en las alpacas -- La enfermedad de preston en las alpacas -- Las necrobacilosis en las alpacas -- enfermedades de Cuba caparo en las alpacas -- Las enfermedades inespecificas en las alpacas |
| 650 ## - PUNTO DE ACCESO ADICIONAL DE MATERIA--TÉRMINO DE MATERIA |
| Descriptor |
Enfermedades Bacterianas. |
| 9 (RLIN) |
7097 |
| 650 ## - PUNTO DE ACCESO ADICIONAL DE MATERIA--TÉRMINO DE MATERIA |
| Descriptor |
Especies Endemicas. |
| 9 (RLIN) |
7098 |
| 650 ## - PUNTO DE ACCESO ADICIONAL DE MATERIA--TÉRMINO DE MATERIA |
| Descriptor |
Bacteorologia Andina. |
| 9 (RLIN) |
7099 |
| 700 ## - PUNTO DE ACCESO ADICIONAL--NOMBRE DE PERSONA |
| Nombre Personal |
Bustinza Menéndez, Julio Amilcar |
| 9 (RLIN) |
7096 |
| 942 ## - ELEMENTOS DE PUNTO DE ACCESO ADICIONAL (KOHA) |
| Fuente de clasificación |
|
| Tipo de item |
Libros-BMC |
| 945 ## - PROCESAMIENTO DE INFORMACIÓN LOCAL (OCLC) |
| Catalogador |
rtm |
| AAAA-MM-DD - Fecha de ingreso o modificacion |
2019-02-28 |